Statistiques concernant Quizz sur l'Islam

Cliquez ici pour prendre le quiz!

Statistiques générales

  • Ce quiz a été pris 3 700 fois
  • Le résultat moyen est 10 sur 15

Statistiques - réponses

QuestionRéponse% Correct
Quels est le lieu sacré des musulmans ?La Mecque
98%
Combien y a t-il de piliers dans l'Islam ?5
96%
Combien y a t-il de prière par jour ?5
96%
De quoi sont fais les anges ?De lumière
90%
Qui fut le dernier prophete de l'Islam ?Mohammed (que la paix et le salut soit sur lui)
87%
Qui est Khadija bint Khuwaylid ?Son épouse
81%
Combien il y a de sourate dans le Coran ?114
79%
Quel est la chose la plus importante en islam ?Tawhid
53%
Combien y a t-il de piliers de la foi ?6
52%
Comment s'appelait le père du prophète (que la paix et le salut soit sur lui) ?Abdullah
52%
La mère du prophète s'appelait ?Amina
50%
Quelle est la première création d'Allah ?La plume
50%
Qui est le prophète le plus citer dans le Coran ?Moussa
46%
Combien de temps a duré la révelation du Coran ?23 ans
39%
Quel sourate parle d'un fleuve abondant ?Al-Kawthar
39%

Distribution des résultats

Percentile par nombre de réponses

% des personnes avec chaque résultat

Votre développement - résultats

Vous n’avez pas pris ce quiz